Psychology in action / (Record no. 420)
[ view plain ]
| 000 -LEADER | |
|---|---|
| fixed length control field | nam a22 a 4500 |
| 003 - CONTROL NUMBER IDENTIFIER | |
| control field | AKMAL |
| 005 - DATE AND TIME OF LATEST TRANSACTION | |
| control field | 20170503160645.0 |
| 008 - FIXED-LENGTH DATA ELEMENTS--GENERAL INFORMATION | |
| fixed length control field | 170503s1987 -cn 00 eng d |
| 020 ## - INTERNATIONAL STANDARD BOOK NUMBER | |
| International Standard Book Number | 0471814768 |
| 040 ## - CATALOGING SOURCE | |
| Original cataloging agency | AKMAL |
| 082 04 - DEWEY DECIMAL CLASSIFICATION NUMBER | |
| Classification number | 150 HUF |
| 090 ## - LOCALLY ASSIGNED LC-TYPE CALL NUMBER (OCLC); LOCAL CALL NUMBER (RLIN) | |
| Classification number (OCLC) (R) ; Classification number, CALL (RLIN) (NR) | 150 |
| Local cutter number (OCLC) ; Book number/undivided call number, CALL (RLIN) | HUF |
| 100 1# - MAIN ENTRY--PERSONAL NAME | |
| Personal name | Huffman, Karen |
| 9 (RLIN) | 981 |
| 245 10 - TITLE STATEMENT | |
| Title | Psychology in action / |
| Statement of responsibility, etc. | Karen Huffman, Mark Vernoy, Barbara William |
| 260 ## - PUBLICATION, DISTRIBUTION, ETC. | |
| Place of publication, distribution, etc. | New York : |
| Name of publisher, distributor, etc. | Wiley, |
| Date of publication, distribution, etc. | 1987 |
| 300 ## - PHYSICAL DESCRIPTION | |
| Extent | xiii, 686, [72]p. : |
| Other physical details | ill. ; |
| Dimensions | 27cm |
| 504 ## - BIBLIOGRAPHY, ETC. NOTE | |
| Bibliography, etc. note | Includes bibliographical references and index |
| 650 ## - SUBJECT ADDED ENTRY--TOPICAL TERM | |
| Topical term or geographic name entry element | Psychology |
| 9 (RLIN) | 859 |
| 700 1# - ADDED ENTRY--PERSONAL NAME | |
| Personal name | Vernoy Mark |
| 9 (RLIN) | 982 |
| 700 1# - ADDED ENTRY--PERSONAL NAME | |
| Personal name | Williams, Barbara |
| Fuller form of name | ((Barbara F.)) |
| 9 (RLIN) | 983 |
| 942 ## - ADDED ENTRY ELEMENTS (KOHA) | |
| Source of classification or shelving scheme | |
| Koha item type | Book |
| Withdrawn status | Lost status | Source of classification or shelving scheme | Damaged status | Not for loan | Collection code | Home library | Current library | Shelving location | Date acquired | Inventory number | Total Checkouts | Full call number | Barcode | Date last seen | Price effective from | Koha item type |
|---|---|---|---|---|---|---|---|---|---|---|---|---|---|---|---|---|
| NON-FICTION | AKMAL Melaka | AKMAL Melaka | PINJAMAN | 03.05.2017 | 100204 | 150 HUF | 201701280 | 03.05.2017 | 03.05.2017 | Book | ||||||
| NON-FICTION | AKMAL Melaka | AKMAL Melaka | PINJAMAN | 03.05.2017 | 100205 | 150 HUF | 201701279 | 03.05.2017 | 03.05.2017 | Book |
